000 00824nam a2200277 i 4500
001 C2-0146575
003 PPAK
005 20180727131155.0
008 980314s1991 enka|||| ||||| | eng d
020 _a1855321211
040 _aPPAK
_beng
_cPPAK
_erda
082 0 4 _a356.1
_223
090 0 0 _a356.1
_bSHA
_dR
100 1 _aShann, Stephen,
_eauthor
245 1 0 _aFrench army, 1870-71 Franco-Prussian War 1 :
_bImperial troops
264 1 _aLondon :
_bOsprey Ltd. ,
_c1991
300 _a48 pages :
_bcolour illustrations ;
_c25 cm
336 _2rdacontent
_atext
337 _2rdamedia
_aunmediated
338 _2rdacarrier
_avolume
490 1 _aMen-at-arms series (233)
650 1 0 _aFranco-Prussian War. Mobilisation of France. Armee
700 _eauthor
830 0 _aMen-at-arms series (233)
942 _ddc
_cB
999 _c46504
_d46504